000 01178nam0a22002531 4500
001 rc\2564485
005 20230412193029.0
035 _a(NLR Aleph) 006729349
090 _a5527287
_c5527288
100 _a20110914d1927 |||y0rusy50 ca
101 0 _arus
102 _aRU
105 _aab z |||||
200 1 _aСводка результатов исследований 1924 г. сортового состава яровой пшеницы, проса и подсолнечника в Саратовской губернии
_fСборник статей под общ. ред. проф. Г. К. Мейстер
_gНаркомзем Р.С.Ф.С.Р. Отд. семеноводства
210 _aСаратов
_cГоссортфонд Наркомзема
_d1927
_gтип. Саризолятора
215 _a107 с., [7] вклад. л. карт., табл.
_cкарт.
_d26х17 см.
702 1 _aМейстер
_bГ. К.
_4340
710 0 2 _aСаратовская обл. с.-х. опытная станция
_3RU\NLR\AUTH\889917433
801 0 _aRU
_bNLR
_gpsbo
801 1 _aRU
_bELAR
_2rusmarc
852 _aNLR
_j47/523
942 _cBOOK
980 _aNB